Statistics for Stephen Curry Quiz

Click here to take the quiz!

General Stats

  • This quiz has been taken 12,068 times
  • The average score is 14 of 17

Answer Stats

QuestionAnswer% Correct
What team does he play for?Golden State Warriors
99%
What position does he play?Point Guard
98%
Who is the coach of that team?Steve Kerr
93%
Who is his father?{Dell} Curry
91%
Who is his younger brother?{Seth} Curry
91%
What player left the Thunder to start his "Next Chapter" with Stephen Curry?Kevin Durant
89%
What are Curry and Klay Thompson known as?The {Splash} Brothers
89%
What shoe company sponsors Curry?Under Armour
86%
What former Defensive Player of the Year is teammates with Curry?Draymond Green
84%
Where did he go to college?Davidson
78%
Other than basketball, what sport does Steph Curry excel at?Golf
76%
What city was he born in? (Hint: Same as LeBron)Akron, Ohio
75%
Who previously held the record for most 3-pointers in a season,
before Steph Curry brutally shattered it?
Ray Allen
73%
What is his wife's name?{Ayesha} Curry
69%
What 5'3" guard was his favorite player as a kid?Muggsy Bogues
68%
Of all his nicknames, which one does he like best?Baby-Faced {Assassin}
56%
What NFL football team is he a fan of?Carolina Panthers
52%

Score Distribution

Percentile by Number Answered

Percent of People with Each Score

Your Score History

You have not taken this quiz